| 000 | 01123cam a2200325 a 4500 | ||
|---|---|---|---|
| 999 |
_c126697 _d126697 |
||
| 001 | 499729 | ||
| 003 | ARRUPE | ||
| 005 | 20170821085226.0 | ||
| 008 | 850415s1985 enka j 001 0 eng | ||
| 010 | _a 85050168 | ||
| 020 | _a0531100200 (lib. bdg.) | ||
| 040 |
_aDLC _cDLC _dDLC |
||
| 042 | _alcac | ||
| 043 | _ae-uk-en | ||
| 050 | 0 | 0 |
_aBP161.2 _b.A266 1984 |
| 082 | 0 | 0 |
_a297 _219 |
| 100 | 1 |
_aAggarwal, Manju. _934902 |
|
| 245 | 1 | 0 |
_aI am a Muslim : _bManju Aggarwal meets Abu Bakar Nazir / _cphotography, Chris Fairclough ; religious consultant, Jamal M.A. Solaiman. |
| 260 |
_aLondon ; _aNew York : _bF. Watts, _c[c1985] |
||
| 300 |
_a32 p. : _bcol. ill. ; _c26 cm. |
||
| 440 | 0 |
_aMy Belief _934903 |
|
| 500 | _aIncludes index. | ||
| 520 | _aExplores the religious beliefs and customs of a Muslim family living in England. | ||
| 650 | 0 |
_aIslam _vPopular works _934904 |
|
| 700 | 1 |
_aNazir, Abu Bakar, _d1973- _934905 |
|
| 700 | 1 |
_aFairclough, Chris, _d1951- _eill. _934906 |
|
| 906 |
_a7 _bcbc _corignew _d3 _eocip _f19 _gy-gencatlg |
||
| 942 |
_2lcc _cMONOGRAPH |
||